000 00902nab a2200241 i 4500
001 180829
003 ES-MaACL
005 20250904063110.0
008 120718s1913 sp 000 s spa d
040 _aES-MaACL
100 1 _aPrieto y Vives, Antonio,
_d1870-1939
_eaut
_9151036
245 1 3 _aLa enseñanza de la ingeniería /
_cpor Antonio Prieto
300 _aPáginas 17-28
500 _aEjemplar fotocopiado
594 _aPrecede al título: Conferencias en el Instituto de Ingenieros Civiles de Madrid
650 0 _aIngeniería-
_xEstudio y enseñanza
_9226968
655 4 _aConferencias
_9234444
710 2 _aInstituto de Ingenieros Civiles de España
_eisb
_9226969
773 0 _tLa Palabra : revista taquigráfica,
_xISSN 2479-7723,
_gN. 21-22 (nov. 1913), p. 17-28
_02879
_w2879
_92987
942 _cANAB
_2udc
_n0
999 _c180829
_d180829
955 _bPilar Fernández Vera